000 00697nam a2200217 i 4500
001 39647
003 ES-MaACL
005 20250814085557.0
007 t|
008 030303s1953 sp ||||1| spa d
100 1 _aCanals Navarrete, Salvador.
_934418
245 1 3 _aEl contrato de reproducción cinematográfica /
_cSalvador Canals Navarrete.
260 _aMadrid :
_bRialp,
_c1953 (
_fEstades)
300 _a131 p. ;
_c24 cm.
490 1 _aLibros jurídicos ;
_v3
650 7 _aCine-
_zEspaña-
_vDerecho y legislación
_2
_9156740
650 4 _aPropiedad intelectual-
_xCine.
_9171125
830 1 _aLibros jurídicos ;
_v3
_9229494
852 _aES-MaACL
_jC-7372
999 _c39647
_d39647